[Event "Santo Antonio 4th"]
[Site "Santo Antonio"]
[Date "2001.05.24"]
[Round "6"]
[White "Damaso, Rui"]
[Black "Spraggett, Kevin"]
[Result "1/2-1/2"]
[WhiteElo "2424"]
[BlackElo "2526"]
[Annotator "Rabinovich,Al"]
[PlyCount "82"]
[EventDate "2001.05.19"]
[EventType "tourn"]
[EventRounds "9"]
[EventCountry "POR"]
[EventCategory "9"]
[SourceTitle "CBM 084"]
[Source "ChessBase"]
[SourceDate "2001.09.13"]
[SourceVersion "1"]
[SourceVersionDate "2001.09.13"]
[SourceQuality "1"]

1. d4 {[%mdl 6400]} Nf6 2. Nf3 e6 3. c4 Bb4+ 4. Nbd2 O-O 5. e3 b6 6. Bd3 {
[%cal Ge3e4]} d5 7. O-O Bb7 (7... Ba6 8. a3 Bxd2 (8... Bd6 $5 9. b4 $14) 9.
Nxd2 c5 10. dxc5 bxc5 11. b4 Nbd7 12. Bb2 Qe7 13. b5 Bb7 14. Qc2 h6 15. a4 $14
{[%csl Gb2,Gd3] 1-0 Dreev,A-Piket,J/Monte Carlo 1996/CBM 53 (67)}) 8. b3 (8. a3
Be7 9. cxd5 Nxd5 (9... exd5 $5) 10. Qc2 g6 11. Nc4 Nd7 12. e4 N5f6 13. b4 a5
14. bxa5 b5 15. Nce5 Rxa5 16. Nc6 $36 {[%csl Rb5,Rc7,Rg7,Rh6] 1-0 Khalifman,
A-Teske,H/Germany 1992/GER-chT (61)}) 8... Nbd7 9. Bb2 {Black must choose what
to do with the B on b4: 1.To exchange it on the N on d2,what will lead to
slightly better position for white thanks to pare of bishops and a better
control over the center 2.To return the B to d6 or e7 and to loose a tempi and
to let white enter comfortably to e5. Black chooses the second way,which finds
to be not a pleasant one.....} Be7 (9... c5 $6 10. cxd5 Nxd5 11. a3 Bxd2 12.
Qxd2 N5f6 13. Rfd1 Qe7 14. Qe2 {[%cal Ge3e4]} cxd4 15. Nxd4 e5 16. Nf5 Qe6 17.
e4 Rfc8 18. Bb5 Rc7 19. Nd6 $16 {[%csl Rf7][%cal Gb5c4] 1-0 Nenashev,A-Xu Jun/
Singapore 1995/CBM 50 ext (75)}) (9... a6 $5) 10. cxd5 {Black could have
reached this position with a tempi more,if he had played instead of 3...Bb4+,
3... Be7.In compare with this position black could have played already c5 and
could get probably an equal position.Now white manages to place the N on e5
before black playes c5 and gets much better game.} exd5 11. Ne5 $14 a5 (11...
c5 12. Qf3 $14 {[%cal Ga1c1,Gf1d1,Gf3h3,Gf2f4]}) (11... Nxe5 12. dxe5 Ne4 13.
Nxe4 (13. Qc2 Nxd2 14. Qxd2 c5 15. Rad1 $14 {[%cal Gf2f4]}) 13... dxe4 14. Bc4
Qxd1 15. Rfxd1 Rfd8 16. e6 fxe6 17. Bxe6+ Kf8 $14 {[%csl Re4] White might be
just slightly better,but probably it should be drawn position with some
precise defence.}) 12. Qc2 {[%csl Rc6] Now white gains some initiative on the
Q-side.} Bd6 (12... c5 $6 13. Nxd7 Qxd7 14. dxc5 bxc5 15. Bxf6 Bxf6 16. Bxh7+
Kh8 17. Bf5 Qe7 18. Rac1 $16) 13. Rac1 $6 {Really not needed move.The R will
be better placed on e1 to support pushing e4.} (13. Nc6 Bxc6 14. Qxc6 Qe7 15.
Rae1 $16 {[%cal Ge3e4]}) 13... Qe7 14. Nc6 Bxc6 {Black can't leave the N on c6
too long and he chooses to exchange it.} 15. Qxc6 {[%cal Gc1e1,Gf2f3,Ge3e4]}
Qe6 {Now white can't play Rce1 due to B:h2+ and winning the Q.} 16. Qc2 {
[%cal Gc1e1,Ge3e4]} c5 {Probably an only chance to get some counterplay.} (
16... Rae8 17. Bf5 Qe7 18. Rfe1 g6 19. Bd3 Ne4 $8 20. Bxe4 dxe4 21. Nc4 Bb4 22.
Red1 $16 {[%cal Ga2a3]} Qg5 $2 (22... f5 23. a3 Bd6 24. Nxd6 cxd6 25. Qc4+ Rf7
26. Rc2 $16 {[%cal Gd1c1]}) 23. a3 Be7 24. Nd2 $18) 17. dxc5 (17. Bf5 $1 Qe7
18. e4 cxd4 (18... dxe4 19. Nxe4 $16) 19. exd5 g6 20. Rfe1 Bxh2+ 21. Kxh2 Qd6+
22. Kg1 gxf5 23. Bxd4 Qxd5 24. Bxf6 Nxf6 25. Nc4 $16 {[%csl Rg8][%cal Gc4b6,
Ge1e5]}) 17... Bxc5 (17... bxc5 18. Bf5 Qe7 19. e4 $16) 18. Bf5 Qe7 19. e4 Rac8
(19... d4 20. Nf3 g6 21. Bxd7 Qxd7 22. Rcd1 $16 {[%csl Rd4]}) 20. Qd3 dxe4 21.
Nxe4 (21. Qh3 $6 {[%cal Gd2e4]} h6 (21... g6 $1 22. Bxf6 (22. Bxd7 Nxd7 {
[%csl Rf2]} 23. Rcd1 e3 24. fxe3 Qxe3+ 25. Qxe3 Bxe3+ 26. Kh1 Bxd2 27. Rxd2 Nc5
{With good chances for a win.}) 22... Qxf6 23. Bxd7 Bxf2+ 24. Kh1 (24. Rxf2
Rxc1+ 25. Nf1 Qd4 $19 {[%cal Gf8d8]}) 24... Rxc1 25. Rxc1 e3 26. Nf3 Qb2 $19)
22. Bxf6 Nxf6 23. Bxc8 Qd8 {[%cal Gd8c8,Gd8d2]} 24. Nc4 Qxc8 25. Qxc8 Rxc8 26.
Nxb6 $18) 21... Nxe4 22. Bxe4 Nf6 $1 {Very good choise.Black gives up the pawn,
but getting good escaping chances in opposite coloured bishops ending.} (22...
g6 $143 {[%cal Gb2g7,Ge4d5,Gd5f7,Gf1e1,Gc1d1] Very dangerous for black.}) 23.
Bxf6 (23. Bf5 $5 {[%cal Gd3h3] Could give white better chances for initiative.}
) 23... Qxf6 24. Bxh7+ Kh8 25. Bf5 $14 Rcd8 26. Qh3+ {White can't escape the q
exchange,other ways black will enter with the R to the second rank and will
get some initiative putting some pressure on the f2 square.} (26. Qc2 Rd5 27.
Be4 Re5 $132 {[%cal Gf8e8]}) 26... Qh6 27. Qxh6+ gxh6 28. Rfd1 Rfe8 29. Kf1
Rxd1+ 30. Rxd1 Re5 {Black setup is very solid. It is difficult for white to
break it.} 31. g4 Kg7 32. Rd7 Bb4 $1 {[%cal Ge5e1,Gf1g2,Gb4c5,Ge1e2,Ge2f2]} (
32... Re7 33. Rd5 Kf6 $14) 33. Bd3 Re7 $14 (33... h5 34. h3 hxg4 35. hxg4 Re7
36. Rd8 Re6 {[%cal Ge6d6]} 37. Rc8 {[%csl Rf7][%cal Gc8c7,Gd3c4]} Re1+ 38. Kg2
Rd1 39. Bc4 $14 {[%cal Gc8c7]}) 34. Rd5 Re1+ 35. Kg2 Rd1 $11 {Black plan is
easy:1.To play Bc5,Rd2 and to put pressure on f2. 2.If white exchanges the
rooks,the B-ending is complitely drawn.} 36. g5 Rd2 {[%cal Gd2a2,Gd2f2]} 37.
gxh6+ Kxh6 38. Kg3 Bc5 (38... Rxa2 $11) 39. f3 Ba3 (39... Rxa2 $11 40. Rd7 Rd2
(40... f6 $4 41. Rh7+ Kg5 {[%cal Gf3f4,Gh2h4]} 42. h4#)) 40. h4 Kg7 41. Rg5+
Kf6 1/2-1/2

[Event "RUS-ch 54th"]
[Site "Elista"]
[Date "2001.05.02"]
[Round "3"]
[White "Yakovich, Yuri"]
[Black "Makarov, Marat"]
[Result "1-0"]
[WhiteElo "2577"]
[BlackElo "2511"]
[Annotator "Rabinovich,Al"]
[PlyCount "107"]
[EventDate "2001.04.29"]
[EventType "swiss"]
[EventRounds "9"]
[EventCountry "RUS"]
[SourceTitle "CBM 083"]
[Source "ChessBase"]
[SourceDate "2001.07.05"]
[SourceVersion "1"]
[SourceVersionDate "2001.07.05"]
[SourceQuality "1"]

1. d4 Nf6 2. c4 e6 3. Nf3 Bb4+ 4. Nbd2 (4. Bd2 a5 5. g3 d5 6. a3 Bxd2+ 7. Nbxd2
O-O 8. Bg2 c6 9. O-O b6 10. Qc2 Ba6 11. Rac1 Nbd7 12. e4 $14 {1-0 Van Wely,
L-Pira,D/Montpellier FRA 2001/The Week in Chess 339 (25)}) 4... b6 5. a3 {
Important to play this move now,otherways black can play Bb7 and to return the
dark-square B to e7.} Bxd2+ (5... Be7 6. e4 $14) 6. Qxd2 (6. Bxd2 Bb7 7. Bg5 d6
8. e3 Nbd7 9. Be2 a5 10. b4 h6 11. Bh4 g5 12. Bg3 Ne4 13. Qc1 h5 14. h3 Qf6 15.
b5 O-O-O 16. Ra2 h4 $36 {0-1 Zaja,I-Baklan,V/New Delhi IND 2000/The Week in
Chess 317 (37)}) 6... Bb7 7. e3 O-O 8. Be2 a5 {[%csl Rb3][%cal Ga5a4]} 9. b3 d6
10. O-O Nbd7 11. Bb2 Qe7 12. Rfd1 (12. Rad1 Rfd8 13. Qc2 Rac8 14. b4 axb4 15.
axb4 c5 16. Qb3 d5 17. bxc5 dxc4 18. Qxc4 bxc5 19. Ba3 Bd5 20. Qc1 {1/2-1/2
Yakovich,Y-Adams,M/Koge 1997/EXT 2000 (20)}) 12... Rfd8 13. b4 axb4 14. axb4
$14 Qe8 (14... Rxa1 15. Rxa1 Ra8 16. Rc1 h6 17. Qc2 c5 18. Qb3 Ra7 19. Nd2 cxd4
20. exd4 Qd8 21. Nb1 Qb8 22. Nc3 Ba6 23. Ra1 Bb7 24. Rd1 (24. Rxa7 Qxa7 25. Nb5
Qb8 26. Qg3 Ne4 27. Qf4 $14 {[%csl Gb2,Ge2][%cal Gf2f3]}) 24... Ba6 25. Bf1 Rc7
26. Ra1 Ra7 27. Qc2 Ra8 $14 {0-1 Shulman,Y-Bogdanovski,V/Moscow 1994/CBM 44
ext (76)}) 15. Qc2 $1 {[%mdl 2084] With this move white begins a very strong
plan: 1.White will transfer the N from f3 to b3. 2.Will play f3 to take
control over e4 square. 3.To put the B on f2 or g3 and pressure the black pawn
stucture.} Rxa1 16. Bxa1 $1 {White doesn't want to fight for a-file.He
concentrates on his plan.} Ra8 17. Nd2 {[%cal Ge3e4] White's threat is to play
e4,so black avoids it by playing c5.As we will see soon,it might have been
better for black not to change his pawn structure.} c5 (17... Ra7 $5 {[%cal
Ge8a8,Ga8g2,Ga8a3]}) 18. Bc3 Qc8 (18... cxd4 19. exd4 Ra3 20. Bb2 Ra2 21. Nb1
$14 {[%cal Gb1c3,Gc3b5]}) 19. Qb2 $14 h6 (19... Qc6 20. d5 $1 (20. Bf3 $6 Qa4
$1) 20... exd5 21. cxd5 Nxd5 (21... Qc7 22. e4 $36) 22. b5 Qc7 23. Bxg7 $16)
20. f3 cxd4 (20... Qc7 21. Nb3 e5 {Could give black some counterplay.}) 21.
exd4 Qc7 22. Nb3 Rc8 (22... e5 23. dxe5 dxe5 24. Bd3 $14 {[%csl Gc3,Gd3][%cal
Gb2e2]}) 23. Be1 $14 {[%csl Rd6,Ge1,Ge2][%cal Ge1g3,Ge1f2]} Nf8 {[%cal Gf8g6,
Gg6f4]} 24. Bf1 $1 {Another good profylactic move.It is really a joy to watch
white playing.He gives no counterplay and at the same time follows his plan!}
Ng6 25. Bf2 Ra8 26. Nd2 {[%cal Gd2b1,Gb1c3,Gc3b5] Another transfer,now the N.}
Bc6 (26... d5 27. c5 $16) 27. Nb1 e5 28. Nc3 exd4 29. Bxd4 $16 {[%csl Rb6,Rd6]
[%cal Gd4b6,Gd4f6,Gb2f2] Now both white bishops are in the game.Black position
become dangerous.} Ne5 30. Qf2 (30. f4 Ned7 31. Qd2 $16) 30... Rb8 31. Re1 Ned7
32. Qg3 {[%cal Ge1e7,Ge7d7]} Re8 33. Ra1 $1 {White doen's want to exchange the
rooks yet.There is a rool,which says if your opponenet suffers from lack of
space don't change the pieces.Black R can't do anything on e-file.} Nh5 34. Qf2
Nf4 $2 {[%mdl 8192]} 35. Be3 $6 {White misses this opportunity.} (35. Bxg7 $1
Nh3+ 36. gxh3 Kxg7 37. Qd4+ Nf6 38. Ra6 $18) 35... Ne6 36. Nd5 Bxd5 37. cxd5
Ng5 38. Bb5 $18 Rf8 39. Rc1 Qd8 40. Bd4 $4 {Unbelieveble blunder.} (40. h4 Nh7
41. Qg3 $18 {[%cal Ge3h6,Gg3d6,Gc1c6]}) 40... Ne5 $4 (40... Nh3+ $1 41. gxh3
Qg5+ 42. Qg2 Qxc1+ 43. Qf1 Qg5+ 44. Qg2 (44. Kh1 Qxd5 $19) 44... Ne5 $19) 41.
Kh1 Qa8 42. Bxe5 dxe5 43. d6 $18 (43. h4 $1 {White anyway will need some air
for his K,so why not now?!} Nh7 (43... Qxd5 44. Bc6 $18) 44. d6 Nf6 45. Qxb6
$18) 43... Qa3 44. Qd2 Ne6 45. d7 g5 46. h3 Kg7 47. Rc8 Qa1+ 48. Kh2 e4 (48...
Qd4 49. Qxd4 exd4 50. Re8 $22 {[%cal Gh2g1,Gg1d3] Black has no good moves.....
White will just bring his K to the game and collect some pawns.}) 49. Rxf8 {
The rest is simple and requiers no explanation.} Kxf8 50. d8=Q+ Nxd8 51. Qxd8+
Kg7 52. Qe7 exf3 53. Bc4 Kh8 54. Qf8+ 1-0

[Event "North Sea Cup 16th"]
[Site "Esbjerg"]
[Date "2001.07.08"]
[Round "3"]
[White "Nielsen, Peter Heine"]
[Black "Speelman, Jonathan S"]
[Result "1-0"]
[WhiteElo "2593"]
[BlackElo "2603"]
[Annotator "Rabinovich,Al"]
[PlyCount "87"]
[EventDate "2001.07.06"]
[EventType "tourn"]
[EventRounds "9"]
[EventCountry "DEN"]
[EventCategory "14"]
[SourceTitle "CBM 085"]
[Source "ChessBase"]
[SourceDate "2001.11.13"]
[SourceVersion "1"]
[SourceVersionDate "2001.11.13"]
[SourceQuality "1"]

{[%mdl 10372]} 1. d4 e6 2. Nf3 Nf6 3. c4 Bb4+ 4. Nbd2 b6 5. a3 Bxd2+ 6. Qxd2
Bb7 7. e3 (7. g3 d5 8. c5 a5 9. b3 Qe7 10. Qc2 Ne4 11. Nd2 f5 12. Nxe4 fxe4 13.
Bg2 O-O 14. O-O a4 15. b4 Nc6 $11 {0-1 Tyomkin,D-Bluvshtein,M/Oakham ENG 2001/
The Week in Chess 334 (49)}) 7... d6 {The variation,which black played is
quiet solid one,but at the same time it doesn't promise him a total
equalization.White has a strong center and a pare of bishops.With correct
development white should reach better chances.On the other hand black should
place one of the pieces on e4 and depends on white setup to play e5 or may be
to start some play on the K-side.} (7... O-O 8. Bd3 (8. Be2 Ne4 9. Qd3 d5 10.
b3 a5 11. O-O a4 12. b4 Nd6 13. c5 Ba6 14. Qc2 Bxe2 15. Qxe2 Nc4 16. e4 Nc6 $15
{0-1 Gershon,A-Macieja,B/Paget Parish BER 2001/The Week in Chess 325 (59)})
8... c5 9. dxc5 bxc5 10. b4 d5 11. Bb2 Nbd7 12. cxd5 Bxd5 13. O-O a5 14. bxa5
$14 {1-0 Kozul,Z-Macieja,B/Portoroz SLO 2001/The Week in Chess 348 (35)}) 8.
Be2 Nbd7 9. b4 (9. O-O h6 10. b4 a5 11. Bb2 O-O 12. Qc2 Qe7 13. Nd2 c5 14. dxc5
dxc5 15. b5 $5 $14 {1-0 Gurevich,M-Dgebuadze,A/Charleroi BEL 2001/The Week in
Chess 349 (40)}) 9... O-O 10. Bb2 Ne4 (10... Qe7 $5 11. O-O Ne4 12. Qd3 f5 13.
Nd2 c5 14. dxc5 $14 {0-1 Kempinski,R-Ostrowski,L/Suwalki 1999/EXT 2000 (23)})
11. Qc2 (11. Qd3 f5 12. O-O Rf6 13. d5 Rg6 $132 {1/2-1/2 Kempinski,R-Aronian,L/
Batumi GEO 1999 (45)}) 11... f5 12. O-O {The position rised,is quiet popular
in this variation.Black usually tries to develop some counterplay on the Kside,
while white can play in the center or pushing f3 and e4.} Rf6 13. d5 e5 $2 {
This move looses almost by force at least pawn.} (13... Rg6 $142 $5 14. dxe6
Nf8 {Was clearly better than continuation in the game.}) 14. Nh4 $1 g6 15. f3
Ng5 16. f4 Ne4 $6 (16... Nf7 $6 17. Nf3 Qe7 {[%csl Rb7,Rd7,Rf6,Rf7]} 18. h3 Re8
19. Rae1 c6 {Black position is very passive and it is unclear how black will
get rid of all this pins,but the material is equal and black can hope for
holding it.}) 17. Nf3 $1 $16 Rf8 (17... Qe7 18. Bd3 $16) 18. fxe5 Nxe5 19. Nxe5
dxe5 20. Bd3 $1 {Against the rule that opposit coloured bishops is the sign
for a draw,in currient situation another rulel is active: attack with opposit
coloured bishops is always very strong due to the fact that defensive side has
no answer for the attacking bishop.} (20. Bxe5 $5 Qe7 21. Bb2 a5 22. b5 {
Also was good for white.}) 20... Qg5 21. Rae1 c6 {Black position is already
bad.This move trying to make some weakness on d5 to attack only opens the
position more and it is in white favour.} 22. c5 $1 {[%cal Gd5d6] Briliant
decition.Giving a pawn,white gains a very strong one on c6 and in addition to
weak black monstr,black position ruins.} bxc5 23. bxc5 cxd5 {Forced.} 24. c6
Bc8 (24... Rac8 $2 25. Bxe4 fxe4 (25... dxe4 26. Qb3+ $18) 26. Rxf8+ Kxf8 27.
cxb7 $18) 25. Bxe4 dxe4 (25... fxe4 26. Rxf8+ Kxf8 27. Qc5+ Qe7 28. Qxd5 $18 {
[%csl Gb2,Gc6,Re4,Re5,Rf8]}) 26. Qc4+ Rf7 27. c7 $6 {Makes the game a bit
longer.} (27. Qd5 $1 $18 {[%cal Gc6c7,Gd5e5,Ge5h8] Was winning immideatly.})
27... Bd7 28. Rd1 Qe7 29. Bxe5 $18 Rc8 (29... Be6 30. Qa6 $18 {[%cal Gd1d2,
Gf1d1,Gd2d8]}) 30. Bd6 {Bishop was placed on a very good square,it was no
reason to move it.} (30. Rd6 $142 $1 {[%cal Gf1d1]}) 30... Qe6 31. Qc5 h6 32.
Rb1 {Black has absolutly no counte play,so white can make few not the best
moves and the character of the position won't change.} Kh7 33. Rb8 g5 {Some
space for the K in case of attack.} 34. Be5 Qa6 35. h3 (35. Rc1 $142) 35... Qd3
36. Bd4 {[%cal Gc5e5,Ge5h8]} (36. Qxa7 $5 {Proving the helpless of the black
position.}) 36... Qa6 $8 37. Qe5 Qe6 38. Rd1 $1 $18 {Very good move.Using the
fact that black can't exchange the queens,white brings the last piece to the
game and the reasult of the game is just a matter of time.} f4 {Loosing by
force,but what black could do? His position is difficult and without any
counterplay.} 39. Rxc8 Bxc8 40. Qh8+ Kg6 41. exf4 gxf4 42. Qg8+ Kh5 (42... Kf5
43. Qg4#) 43. Rc1 {[%cal Gc1c5] Decides immideatly.} Rxc7 44. Qg4+ {Black
resigned,he is loosing a R.} 1-0

[Event "Vidmar Memorial 14th"]
[Site "Portoroz"]
[Date "2001.07.03"]
[Round "1"]
[White "Kozul, Zdenko"]
[Black "Macieja, Bartlomiej"]
[Result "1-0"]
[WhiteElo "2556"]
[BlackElo "2588"]
[Annotator "Rabinovich,Al"]
[PlyCount "69"]
[EventDate "2001.07.03"]
[EventType "tourn"]
[EventRounds "9"]
[EventCountry "SLO"]
[EventCategory "14"]
[SourceTitle "CBM 085"]
[Source "ChessBase"]
[SourceDate "2001.11.13"]
[SourceVersion "1"]
[SourceVersionDate "2001.11.13"]
[SourceQuality "1"]

{[%mdl 288]} 1. d4 Nf6 2. c4 e6 3. Nf3 Bb4+ 4. Nbd2 b6 5. a3 Bxd2+ 6. Qxd2 Bb7
7. e3 O-O (7... d6 8. Be2 Nbd7 9. O-O O-O 10. b4 Ne4 11. Qd3 f5 12. Nd2 Rf6 13.
f3 Ng5 14. Bb2 Rg6 $132 {0-1 Olafsson,H-Leitao,R/Cappelle La Grande FRA 2000 
(26)}) 8. Bd3 {Kozul's favorite! Take a look at his repertuare in this line,
when his opponents chose different continuations:} (8. Be2 $5 {An interesting
alternative.} a5 9. b3 d6 10. O-O Nbd7 11. Bb2 Qe7 12. Rfd1 Rfd8 13. b4 axb4
14. axb4 Qe8 15. Qc2 $14 {[%cal Gf3d2,Gd2b3,Gf2f3] 1-0 Yakovich,Y-Makarov,M/
Elista RUS 2001/The Week in Chess 339 (54)}) 8... c5 $6 {Rare move with bad
reputetion. 8...c5 really is unlogical move,white has a pare of bishops,so
it's seems not helpfull to open up  the position.} (8... Qe7 9. Qc2 d6 10. O-O
e5 11. Ng5 h6 12. Nh7 Nxh7 13. Bxh7+ Kh8 14. Bf5 Nd7 15. Bd2 Rfe8 16. f3 $14 {
[%csl Gd2,Gf5][%cal Gd2c3] 1-0 Kozul,Z-Pezerovic,E/Bihac 1999/EXT 2000 (55)}) (
8... Ne4 9. Qc2 f5 10. O-O d6 11. Nd2 Qh4 12. d5 (12. f3 Ng5 13. d5 $14 {
1-0 Kozul,Z-Cebalo,M/Linares 1996/CBM 51 ext (32)}) 12... Nxd2 13. Bxd2 Nd7 14.
f3 {[%csl Gd2,Gd3]} Ne5 15. Bc3 Nxd3 16. Qxd3 Rae8 17. Rae1 Qg5 {1/2-1/2 Kozul,
Z-Cebalo,M/Pula 1994/EXT 97 (17)}) (8... d6 9. O-O Nbd7 10. b3 Qe7 11. Bb2 Ne4
12. Qc2 f5 13. Rad1 Rae8 14. b4 Ndf6 15. Qe2 Qf7 16. Ne1 Qg6 17. f3 $1 $14 {
[%csl Gb2,Gd3] 1-0 Kozul,Z-Kutuzovic,B/Pula 1995/EXT 97 (44)}) 9. dxc5 $1 {
[%mdl 8]} (9. b4 d6 (9... Bxf3 10. gxf3 cxd4 11. exd4 Nc6 12. Bb2 e5 13. dxe5
$16 {1-0 Franco Ocampo,Z-Granda Zuniga,J/Las Palmas 1991/EXT 97 (40)}) 10. Bb2
Nbd7 11. O-O Rc8 12. dxc5 bxc5 13. b5 e5 14. Bf5 g6 15. Bc2 $1 $16 {1-0
Portisch,L-Timman,J/Montpellier 1985/Candidates (42)}) 9... bxc5 10. b4 $1 {
The best reply.I believe black knew this position and this move and prepared
something......} d5 $5 {I could guess that was black's surprise.} (10... d6 11.
Bb2 $14 {[%csl Gb2,Gd3]}) 11. Bb2 Nbd7 (11... dxc4 $5 12. Bxc4 cxb4 13. Qxb4
Bxf3 14. gxf3 {[%csl Gb2,Gc4][%cal Gh1g1,Ga1d1] Looks very dangerous for black,
but may be here black could have found some couterplay...} Nbd7 15. Rg1 Rb8 16.
Qc3 Qc7 17. Rd1 {[%cal Gd1d7]} Rfd8 18. Rxg7+ $5 Kxg7 19. Rxd7 Rxd7 20. Qxf6+
Kf8 21. Qh8+ Ke7 22. Qf6+ $11 (22. Bf6+ $4 Kd6 23. Be5+ Kc5 $19)) 12. cxd5 Bxd5
13. O-O $14 a5 (13... Bxf3 $6 14. gxf3 Nb6 15. Rfd1 $14) 14. bxa5 c4 $5 15. Be2
Nc5 $6 (15... Qxa5 $142 $132 {[%cal Gf6e4]}) 16. Qc2 {[%csl Rc4]} Nce4 (16...
Nb3 17. Rad1 $16) 17. Rfc1 $1 {Now black is in trouble,he can't return the P
without loosing c4P or giving white a very strong initiative.} Rc8 $2 (17...
Ng4 {[%csl Rf2]} 18. Bxc4 Ngxf2 (18... Rc8 19. Qe2 $16) 19. Bxd5 Qxd5 20. Ne5
$16 {[%csl Re4,Rf2][%cal Ge5c6,Gc1f1,Gc6a5,Gc6e7]}) 18. Bxf6 Qxf6 (18... Nxf6
$142 19. a6 $16 {[%cal Gf3d2,Ge2c4,Gd2c4,Gc2c4,Gc1c4,Gc2c3,Gc2a4]}) 19. Rab1
$16 {Black has some compensation for the P.} g5 $5 (19... Rfd8 $142) 20. Bf1 $1
{Very solid move,prevents black's threat g4.} g4 $5 21. Nd4 Rc5 $1 22. Rb5 $8
Rxb5 (22... Rfc8 23. Rcb1 $16) 23. Nxb5 Ra8 $1 24. a4 $5 {White plays very
accurately.Black can't take on a5,since he is loosing his c4P.} h5 25. Rb1 $5 (
25. Bxc4 $2 Rc8 26. Na3 Nd6 27. a6 Bxc4 28. Nxc4 Rxc4 $19) 25... Rxa5 26. Bxc4
{White is forced to play this move,but it leads too complicated position.} Bxc4
27. Qxe4 Rxa4 28. Nd6 Bb3 $2 {After this move black is gonna suffer again.} (
28... Bb5 $1 $44 {[%csl Rg1] White's major problem is his K,which has no
escape and black had to play against that fact.}) 29. Qd3 $1 {[%csl Rb3]} Ra3
30. Ne4 $40 {[%csl Ra3,Rb3,Rg8]} Qf5 31. Rc1 (31. f3 $5 gxf3 32. gxf3 {[%csl
Rg8]} Qxf3 $5 33. Qd8+ (33. Rf1 $2 Bd5 $1 $17) 33... Kg7 34. Qg5+ Kf8 35. Qc5+
Kg7 36. Qxa3 $6 (36. Qg5+ $11) 36... Qxe3+ 37. Nf2 Qg5+ 38. Kf1 Bc4+ 39. Nd3
Qd2 $1 $15) (31. Qd4 $6 {[%cal Ge4f6]} e5 32. Qd8+ Kh7 33. Qd3 $11) 31... Ra8
$1 {Finally R comes back and black can be happy with the results,white has
still some adge but it's very small.} 32. Qd4 Ra4 $4 {[%mdl 8192] Terrible
mistake,it is a pitty that after such a beautifull defence black makes such a
blunder and looses the game.} (32... e5 $1 $132) 33. Rc8+ Kh7 34. Rh8+ Kg6 35.
Rg8+ (35. Rg8+ Kh7 (35... Kh6 36. Qg7#) 36. Qh8#) 1-0